• 首页
  • 本馆介绍
  • 公告通知
  • 最新文献
  • 馆藏检索
  • 电子资源
  • 读者导购
  • 参考咨询
  • 我的图书馆
  • 登录
  • 详细信息显示
  • 放入我的书架
  • 预约/预借图书
  • 作者相关作品
  • 分类相关作品
  • 丛书相关作品
  • 出版社相关作品

书目信息

  • 表格格式
  • 工作单格式
  • 卡片格式
题名:
世界毒品大战
    
 
作者: 陈淑庄 著
分册:  
出版信息: 北京   法律出版社  1998
页数: 381页
开本: 21cm
丛书名:
单 册:
中图分类: C913.8
科图分类:
主题词: 禁毒--概况--世界
电子资源:
ISBN: 7-5036-2492-2
000 00543nam0 2200193 45
001 0401300591
005 20040130052251.8
010    @a7-5036-2492-2@dCNY22.50
100    @a20040130d1998 km y0chiy0120 ea
101 0  @achi
105    @aa z 000yy
200 1  @a世界毒品大战@AShi Jie Du Pin Da Zhan@f陈淑庄著@FChen Shu Zhuang Zhu
210    @a北京@c法律出版社@d1998
215    @a381页@c照片@d21cm
606 0  @a禁毒@x概况@y世界
690    @aC913.8@v4
701  0 @a陈淑庄@4著
801    @aCN@bTSTCL@c20040130
905    @b333126-130@dC913.8@e316@f5
    
    世界毒品大战/陈淑庄著.-北京:法律出版社,1998
    381页:照片;21cm
    
    
    ISBN 7-5036-2492-2:CNY22.50
    
●
相关链接 在E读中查询图书 在五车中查询图书 在当当中查询图书 在豆瓣中查询图书


正题名:世界毒品大战     索取号:C913.8/316         预约/预借

序号 登录号 条形码 馆藏地/架位号 状态 备注
1 0333126   203331260   第一借阅区/ [索取号:C913.8/316] 在馆    
2 0333127   203331279   第一借阅区/ [索取号:C913.8/316] 在馆    
3 0333128   203331288   第一借阅区/ [索取号:C913.8/316] 在馆    
4 0333129   203331297   第一借阅区/ [索取号:C913.8/316] 在馆    
5 0333130   203331304   第一样本阅览室/ [索取号:C913.8/316] 在馆    
唐山师范学院图书馆 欢迎您!
大连网信软件有限公司© 版权所有